000
00214nam a22000857a 4500
008
161112b xxu||||| |||| 00| 0 eng d
100
_9
1176
_a
Aggarwal
245
_a
Com. Mathematics-4
260
_a
New Delhi
_b
S. Chand
_c
2012
999
_c
3855
_d
3855